=LDR 00000nam 2200000 4500 =001 NUTBA000000000004588 =005 20140917115522.0 =006 =007 =008 =020 ##$$a 979-28-1404-0 =035 ##$$a 0010-091400000000621 =040 ##$$a NBPDMAT =082 ##$$a 507.6 =084 ##$$a 507.6 Ern i =100 ##$$a Erna Tri Wulandari =245 ##$$a Ilmu Pengetahuan Alam SMP/MTS Kelas VII / $c Erna Tri Wulandari,Supardianingsih,Rinawan Abadi =250 ##$$a Cet. 1 =260 ##$$a Klaten : $b Intan Pariwara, $c 2013 =300 ##$$a v, 122 hlm. : $b ilus. ; $c 26 cm. =500 ##$$a Bibilografi : hlm. 112 =650 ##$$a SAINS-SMP-SOAL DSB =700 ##$$a Rinawan Abadi =990 ##$$a 21411652 =990 ##$$a 0001/BPAP-NTB/20142014 =990 ##$$a 0001/BPAP-NTB/20142014 =990 ##$$a 0001/BPAP-NTB/20142014 =990 ##$$a 0001/BPAP-NTB/20142014